[Event "Linares 27th"]
[Site "Linares"]
[Date "2010.02.20"]
[Round "7"]
[White "Aronian, Levon"]
[Black "Vallejo Pons, Francisco"]
[Result "1/2-1/2"]
[WhiteElo "2781"]
[BlackElo "2705"]
[Annotator "Ftacnik,L"]
[PlyCount "96"]
[EventDate "2010.02.13"]
[EventType "tourn"]
[EventRounds "10"]
[EventCountry "ESP"]
[EventCategory "21"]
[SourceTitle "CBM 135"]
[Source "ChessBase"]
[SourceDate "2010.03.17"]
[SourceVersion "1"]
[SourceVersionDate "2010.03.17"]
[SourceQuality "1"]

1. Nf3 d5 2. d4 Nf6 3. c4 c6 4. e3 Bf5 5. Nc3 e6 6. Nh4 Bg4 7. Qb3 Qc7 8. Bd2
Bh5 {The positions of modern Slav with 4.e3 Bf5 are still quite unexplored;
the 8th move is already new.} (8... Be7 9. h3 Bh5 10. g4 Bg6 11. Nxg6 hxg6 12.
Bg2 (12. g5 Ne4 13. Nxe4 dxe4 14. Rg1 Rh5 15. Qc2 Rxg5 16. Rxg5 Bxg5 17. Qxe4
Nd7 18. O-O-O O-O-O 19. c5 Be7 20. Bc4 Nf6 21. Qc2 Kd7 {1/2-1/2 Nogueiras
Santiago,J (2455)-Bernstein,D (2360)/La Valetta 1980 (34)}) 12... g5 (12...
Nbd7 13. O-O-O g5 14. Kb1 Nb6 15. cxd5 exd5 16. e4 Nxe4 17. Nxe4 dxe4 18. Bxe4
O-O-O 19. Qxf7 Rxd4 20. Bc3 Rxd1+ 21. Rxd1 Rd8 22. Rxd8+ Qxd8 23. Qe6+ Qd7 24.
Bf5 {1-0 Ismail,S (2190)-Greeff,M (2079)/Cairo 2010 (33)}) 13. Rc1 Qb6 14. Na4
Qxb3 15. axb3 Na6 16. Ke2 Nd7 17. Ra1 g6 18. Nc3 {1/2-1/2 Savon,V (2435)-Hlian,
E (2385)/Orel 1996}) 9. Rc1 dxc4 (9... Nbd7 $2 10. cxd5 exd5 11. Nxd5 Nxd5 12.
Qxd5 $16) 10. Bxc4 Be7 11. h3 Qb6 12. g3 (12. g4 Bg6 13. Nxg6 hxg6 14. Ke2 Nbd7
$14) 12... Nbd7 13. O-O Nd5 {Vallejo Pons has decided to abstain from pushing
away the knight on h4 with the help of the g-pawn. Black has a very solid
position without weaknesses.} (13... g5 $5 14. Ng2 O-O-O 15. g4 Bg6 16. f4 h6
17. f5 exf5 18. gxf5 Qxb3 19. Bxb3 Bh5 $11) 14. Ng2 (14. Nxd5 exd5 15. Nf5 Bf8
16. Bd3 Qxb3 17. axb3 Bf3 $11) 14... Bg6 15. f3 (15. Nh4 Bh5 $11) 15... O-O 16.
Ne2 (16. Nxd5 exd5 17. Be2 Qxb3 18. axb3 a5 19. Nf4 Rfe8 $11) 16... a5 $1 {
The advance of the a pawn is complicating Aronian's ambition to slowly advance
his pawn centre.} 17. a3 (17. e4 a4 18. Qxb6 N5xb6 19. Ne3 Rfd8 $11) 17... Qa7
(17... Qxb3 18. Bxb3 a4 19. Bc4 N5b6 $11) 18. Nef4 (18. e4 a4 19. Qd1 N5b6 20.
Ba2 e5 $11) 18... Nxf4 (18... a4 19. Qa2 Bf5 20. g4 Bg6 $15) 19. Nxf4 (19. gxf4
$2 Nb6 $17) 19... e5 $5 {Black is demonstrating strategic courage at a moment,
when the moderate approach without the opening of the centre has kept the
position about equal.} (19... a4 20. Qc3 Nb6 $11) 20. Nxg6 hxg6 21. dxe5 {
White is beginning his descent into a difficult position since he realised,
that the desirable 21.d5 would have been outright dangerous.} (21. d5 Nc5 22.
Qc3 (22. Qd1 b5 23. Ba2 cxd5 24. Bxd5 Rad8 25. Bc3 Bg5 $15) 22... cxd5 23. Bxd5
Rfd8 24. Qc4 (24. Bc4 b5 25. Bxb5 e4 $15) 24... b5 25. Qa2 Rxd5 26. Qxd5 Rd8
27. Rxc5 Qxc5 28. Qxc5 Bxc5 29. Bxa5 Bxe3+ 30. Kg2 Rd3 $11) 21... Nxe5 22. Be2
Rad8 23. Qc3 $6 {[%mdl 2048] Aronian has got worried about the e3 pawn and
thus loses a precious tempo.} (23. Rcd1 $1 Bf6 (23... a4 24. Qc2 Bc5 25. Bc3
Bxe3+ 26. Kg2 Nd7 27. Bc4 $14) 24. Qc2 Rd5 25. Kg2 $14) 23... Rd5 24. f4 (24.
Rcd1 Rc5 25. Qb3 a4 26. Qb4 b5 $15) 24... Rfd8 $1 25. fxe5 (25. Rcd1 Nd3 $17) (
25. Be1 $2 Rc5 $19) 25... Rxd2 26. Rce1 $2 {White has worked himself into
difficult position and at this moment badly needed to choose the best line.} (
26. Bc4 $1 R8d3 27. Bxd3 Qxe3+ 28. Kh1 Rxd3 29. Qe1 Qxg3 30. Qxg3 Rxg3 31. Kh2
Rb3 $15) 26... b5 $1 27. Rf2 (27. Qxc6 $2 Qxe3+ 28. Rf2 Bc5 $19) 27... Bc5 (
27... b4 $2 28. Qb3 Bc5 29. Bc4 Rxf2 30. Kxf2 Rd2+ 31. Re2 a4 32. Bxf7+ Kf8 33.
Qc4 Bxe3+ 34. Kf3 $13) 28. Bf1 b4 29. Rxd2 $8 {A sad necessity in the face of
immediate demise. The defender can continue the game with two rooks fighting
the black queen.} (29. Qb3 $2 a4 $19) 29... bxc3 30. Rxd8+ Kh7 31. bxc3 Qe7 32.
Rd3 Qxe5 33. Kg2 Bxa3 34. e4 Bd6 {The presence of the opposite coloured
bishops is a blessing for the stronger party. The defence of the white king
will be tying down Aronian's forces.} (34... a4 35. Rf3 Bc5 36. Bc4 (36. Rxf7
Qxc3 37. Re2 a3 $19) 36... f6 $17) 35. Rf3 Qc5 (35... a4 36. Bc4 f6 $17) 36. e5
$6 (36. Ra1 Be5 37. Be2 f6 38. Ra2 $17) 36... Bxe5 37. Re4 (37. Rxf7 Qxc3 38.
Rxe5 Qxe5 $19) 37... f5 38. Rc4 (38. Rh4+ Kg8 39. Bd3 Kf7 $19) 38... Qb6 {
Black's king is not in trouble on the h-file and white pawns keep disappearing.
} 39. g4 (39. Bd3 Bb8 40. Rh4+ Kg8 41. Bc4+ Kf8 42. Re4 Ba7 $19) 39... f4 40.
h4 Qb2+ 41. Kh3 (41. Rf2 Qb3 42. Be2 (42. Rf3 a4 $19) 42... a4 43. Rxc6 a3 $19)
41... Bb8 42. h5 gxh5 43. Bd3+ Kg8 44. gxh5 Qc1 (44... Qb7 45. Re4 Qd7+ 46. Kh4
Kf8 47. Rd4 Qe7+ 48. Kg4 c5 $19) 45. Be4 c5 (45... Qh1+ 46. Kg4 Qg1+ 47. Kh3 c5
$19) 46. Kg2 Qd2+ 47. Rf2 Qd7 48. Bf3 Qf5 {The players agreed to a draw in a
situation, that is objectively winning for Black.} 1/2-1/2

[Event "RSFSR-ch"]
[Site "Kuibyshev"]
[Date "1990.??.??"]
[Round "?"]
[White "Doroshkievich, Vladimir K"]
[Black "Voitsekhovsky, Stanislav"]
[Result "0-1"]
[WhiteElo "2360"]
[BlackElo "2335"]
[Annotator "Ftacnik,L"]
[PlyCount "66"]
[EventDate "1990.??.??"]
[EventType "tourn"]
[EventRounds "15"]
[EventCountry "URS"]
[EventCategory "6"]
[SourceTitle "CBM 021"]
[Source "ChessBase"]
[SourceDate "1991.04.01"]
[SourceVersion "1"]
[SourceVersionDate "1991.04.01"]
[SourceQuality "1"]

1. d4 d5 2. c4 c6 3. Nf3 Nf6 4. e3 Bf5 5. Nc3 e6 6. Bd3 Bxd3 7. Qxd3 Nbd7 8. e4
$6 (8. O-O Bd6 9. e4) 8... dxe4 9. Nxe4 Nxe4 10. Qxe4 Bb4+ 11. Bd2 (11. Ke2 Nf6
12. Qd3 O-O 13. Rd1 $10) 11... Bxd2+ 12. Nxd2 Qb6 13. b3 (13. O-O-O $10) 13...
Nf6 14. Qf4 (14. Qe5 O-O-O 15. Nf3 Qb4+ 16. Ke2 $13) 14... O-O-O 15. Nf3 c5 $1
16. dxc5 (16. Rd1 Qa5+ 17. Qd2 Qxd2+ 18. Rxd2 Ne4 19. Rd3 cxd4 20. Rxd4 Rxd4
21. Nxd4 Rd8 $17) 16... Qb4+ 17. Ke2 (17. Nd2 Qc3 18. Rd1 Rd4 19. Qe3 Re4 $1
$19) (17. Kf1 Qxc5 $17) 17... Nd5 18. Qe5 f6 $1 19. Qxe6+ (19. Qb2 Nf4+ 20. Kf1
Qxc5 $17) 19... Kb8 20. Kf1 (20. cxd5 Rhe8 21. Rac1 Rxe6+ 22. dxe6 Re8 $19)
20... Rhe8 21. Qf5 Qc3 22. Re1 (22. Qb1 Nf4 $40) (22. Rb1 g6 $1 23. Qg4 Qd3+
$19) 22... Rxe1+ 23. Nxe1 Re8 24. Qb1 $8 (24. Nc2 Nb4 $19) 24... Qd2 $1 25. Nf3
(25. g3 Nc3 26. Qa1 Ne4 $19) 25... Qe2+ 26. Kg1 Nc3 27. Qf1 (27. Qa1 Nd1 28.
Qd4 Qe1+ 29. Nxe1 Rxe1#) 27... Qe4 28. h4 (28. Qa1 Ne2+ 29. Kf1 Qd3 $19) 28...
Ne2+ 29. Kh2 Qf4+ 30. Kh3 g5 $1 31. hxg5 fxg5 32. Nxg5 Qxg5 33. g3 Re3 $1 {
Ftacnik,L} 0-1

[Event "EU-ch 4th"]
[Site "Istanbul"]
[Date "2003.06.11"]
[Round "11"]
[White "Ftacnik, Lubomir"]
[Black "Milov, Vadim"]
[Result "0-1"]
[WhiteElo "2611"]
[BlackElo "2574"]
[Annotator "Ftacnik,L"]
[PlyCount "78"]
[EventDate "2003.05.30"]
[EventType "swiss"]
[EventRounds "13"]
[EventCountry "TUR"]
[SourceTitle "CBM 096"]
[Source "ChessBase"]
[SourceDate "2003.09.25"]
[SourceVersion "1"]
[SourceVersionDate "2003.09.25"]
[SourceQuality "1"]

1. d4 {Huebner,R} d5 2. c4 c6 3. Nf3 Nf6 4. e3 Bf5 5. Nc3 e6 6. Nh4 Be4 7. f3
Bg6 8. Qb3 Qc7 9. g3 Nbd7 10. Bd2 Bd6 11. Rc1 a6 $6 (11... dxc4 12. Bxc4 Qb6
13. Nxg6 hxg6 14. Kf2 $14) 12. Nxg6 hxg6 13. f4 g5 (13... Rd8 14. Bg2 dxc4 15.
Qxc4 $14) 14. cxd5 exd5 $2 {Milov is playing with fire and his position
becomes rather critical.} (14... Nxd5 15. Ne4 $1 (15. Bg2 gxf4 16. gxf4 (16.
exf4 Qb6 $11) 16... N7f6 $11) 15... gxf4 16. Qxb7 Rb8 17. Qxc6 (17. Qxc7 Bxc7
18. gxf4 Rxb2 $14) 17... fxe3 18. Nxd6+ Ke7 19. Qxc7 exd2+ 20. Kxd2 Nxc7 21.
Rxc7 Kxd6 22. Rc2 Nf6 $14) (14... cxd5 15. Nxd5 $18) 15. fxg5 Bxg3+ (15... Ng4
16. Nxd5) 16. Ke2 Ne4 $1 (16... Ng4 17. Nxd5 Qb8 (17... Qd6 18. Qxb7 Rb8 19.
Rxc6 $18) (17... Qd8 18. g6 $1 cxd5 19. Qxd5) 18. g6 $1 cxd5 19. Qxd5 Bd6 20.
Qe4+ Nge5 21. dxe5 $18) 17. Nxd5 $5 (17. Nxe4 $1 dxe4 18. Bg2 Rxh2 (18... Bh4
19. g6 Nf6 20. Rc5 $1 O-O (20... fxg6 21. Re5+ Kd8 22. Ba5 $18) 21. Bh3 $16) (
18... Bxh2 19. Bxe4 Nf8 (19... O-O-O 20. Qxf7 Qg3 21. Bf5 Qxg5 22. Ba5 Rhf8 23.
Rxc6+ Kb8 24. Qg6 Qxf5 25. Qxf5 Rxf5 26. Bxd8 bxc6 27. Rxh2 $16) 20. d5 (20.
Qa4 Qd7 21. Rxc6 Rh4 22. Rc4 Rxe4 23. Qxd7+ Kxd7 24. Rxh2 $16) 20... Qe7 21.
Rc4 b5 (21... Rd8 22. dxc6) (21... c5 22. d6 Qxd6 23. Qxb7 Rd8 24. Bc6+ Nd7 25.
Ba5 $18) 22. d6 bxc4 23. Bxc6+ Nd7 24. Qb7 Qd8 25. Qxa8 Qxa8 26. Bxa8 $18) 19.
Rxh2 Bxh2 20. Bxe4 (20. g6 Nf6 21. Rh1 O-O-O (21... fxg6 22. Qe6+ Kd8 23. Rxh2
Qxh2 24. Ba5+ $18) 22. Qxf7 Bd6 $14) 20... Bd6 (20... Nf8 21. g6 fxg6 (21... f6
22. Ba5 Qe7 23. Rxc6 $18) 22. Bb4 O-O-O 23. d5 $16) 21. g6 (21. Rf1 Nf8 22. Bd3
Qe7 23. Bc4 f6 $14) 21... Nf6 (21... Nf8 22. gxf7+ Qxf7 23. Rxc6 $18) 22. Bf5
Nh5 23. Kf2 $16) 17... Qd8 $1 (17... Qb8 18. Ba5 $1 Rxh2+ (18... Bxh2) 19. Rxh2
Bxh2 20. g6 Ng5 21. Bh3 f5 22. Bxf5 $18) (17... Qd6 18. Qxb7 Rb8 19. Rxc6 (19.
Qxc6 Qxc6 20. Rxc6 Bxh2 21. Be1 Nxg5 22. b4 $18) 19... f5 (19... O-O 20. Rxd6
Rxb7 21. Ne7+ Kh7 22. hxg3#) 20. g6 $1 Qxd5 21. Rc8+ Rxc8 22. Qxd5 Rc2 23. Kd1
Rxd2+ 24. Kc1 Ke7 25. Bxa6 Rhxh2 26. Rxh2 Rxh2 27. Bd3 $18) 18. Bg2 {This
would have been a perfect position for a correspodence game, the number of
fascinating possibilities is very high. White's best was 18.g6!! but it became
clear only after the game.} (18. g6 $3 cxd5 (18... fxg6 19. Bg2 Nxd2 20. Qxb7
$1 Rb8 (20... cxd5 21. Qxd5 Rb8 (21... Ke7 22. hxg3 Rxh1 23. Rxh1 Rb8 24. Rh7
Qf8 25. Bh3 $18) 22. hxg3 Rxh1 23. Qg8+ Ke7 (23... Nf8 24. Bc6+ Ke7 25. Qxg7+
Ke6 26. Qe5+ Kf7 27. Bd5+)) 21. Qxc6 Rxb2 22. Qxg6+ Kf8 23. hxg3 Ne4+) (18...
Nxd2 19. Kxd2 (19. gxf7+ Kf8) (19. Nc7+ Qxc7 20. Qxf7+ Kd8 21. Qxg7 Re8 22.
hxg3 Nxf1 23. Rh8) 19... cxd5 (19... fxg6 20. Bd3 cxd5 21. Bxg6+ Ke7 22. hxg3)
20. Qxd5 Qh4 21. Bd3 Bxh2 (21... Bf2 22. gxf7+ Ke7 23. Bf5 $18) 22. Rc7 Qf2+
23. Kc3 Bxc7 24. Qe4+ $18) 19. Qxd5 Qe7 20. Qxf7+ (20. Qxb7 Rb8 (20... Rd8 21.
Ba5 $18) 21. Rc8+ Rxc8 22. Qxc8+ Qd8 23. Qxd8+ Kxd8 24. gxf7 Bd6 (24... Nxd2
25. Kxd2 Rxh2+ 26. Rxh2 Bxh2 27. Bxa6 $16) 25. Be1 Ke7 26. Bg2 Ng5 $14) 20...
Qxf7 21. gxf7+ Kxf7 22. Bg2 Ndf6 (22... Nxd2 23. hxg3 Rxh1 24. Bxh1 Rh8 25.
Kxd2 Rh2+ 26. Kc3 Re2 27. Bxb7 Rxe3+ 28. Kb4 $18) 23. hxg3 Nxg3+ 24. Kd3 Nxh1
25. Bxh1 $16) 18... Nxd2 19. Kxd2 (19. Qxb7 Rb8 (19... cxd5 20. hxg3 Rxh1 21.
Rxh1 Rb8 22. Rh8+ Nf8 23. Qc6+ Ke7 24. Qc5+ Qd6 25. Qa7+ Ke8 26. Bxd5 Qxd5 27.
Qxb8+ Kd7 28. Qxf8 $18) 20. Qxc6 Rxh2 (20... Rxb2 21. hxg3 (21. Rc2 Rxc2 22.
Qxc2 Rxh2 23. Rxh2 Bxh2 24. g6 Nf6 25. Kxd2 $16) 21... Ne4+ 22. Kd3 Rxh1 23.
Rxh1 Nf2+ 24. Kc3 Nxh1 25. Kxb2 Nxg3 26. g6 $18) 21. Rxh2 Bxh2 22. g6 Rxb2 23.
Rc2 Rxc2 24. Qxc2 Nf6 25. Kxd2 $16) 19... Bd6 (19... Rxh2 20. Rxh2 Bxh2 21. Rh1
Bd6 22. Rh8+ (22. Nf4 Qa5+ 23. Kc1 O-O-O $11) 22... Bf8 (22... Nf8 23. Qxb7 $18
) 23. Nf4 Qxg5 24. Qxb7 Rb8 25. Qxc6 Rxb2+ 26. Kd3 Qf5+ 27. Be4 Qa5 28. Qc8+
Ke7 (28... Qd8 29. Rxf8+ Nxf8 30. Bc6+ Ke7 31. Nd5+ $18) 29. Nd5+ Kd6 30. Nc3
$18) (19... Bh4 $1 20. g6 (20. Nf4 Bxg5 21. Qxb7 Bxf4 22. exf4 Rb8 23. Qxc6
Rxb2+ 24. Rc2 Rxc2+ 25. Kxc2 Rh6 $13) 20... cxd5 21. Qxd5 fxg6 22. Qxb7 Rb8 23.
Qe4+ Qe7 $11) 20. Qxb7 {'?!' Huebner,R.} (20. Nf4 {Huebner,R: 'ist angewiesen:'
} Qxg5 21. Qxb7 Rb8 22. Qxc6 Bxf4 23. exf4 Qxf4+ 24. Kd3 (24. Kc2 {Huebner,R}
Qxd4 25. Qc3 {mit gleichem Spiel.}) 24... Rh6 $14 25. Qd5 {(Huebner,R) Weiß
hat leichten Vorteil.}) (20. g6 cxd5 $13 21. gxf7+ {Huebner,R} Ke7 {sieht
ebenfalls nicht gut aus für Weiß.}) 20... cxd5 21. Qxd5 Nb6 {'?!' Huebner,R.} (
21... Rb8 {Huebner,R: 'sieht harmonischer aus.'} 22. b3 (22. Qxd6 $2 Rxb2+ 23.
Ke1 (23. Rc2 Qa5+ 24. Kd1 Rxc2 25. Kxc2 Qxa2+ 26. Kd3 Qxg2) 23... Rxg2 24. Qxa6
O-O $19) 22... Rb6 23. Rhf1 O-O 24. h4 $13) 22. Qe4+ Kf8 23. h4 (23. g6 {
(Huebner,R) bietet bessere Überlebensaussichten: die Anzahl der Bauern wird
reduziert, und der König des Schwarzen wird schutzbedürftig.}) 23... Rb8 (23...
Ra7 {'!?' Huebner,R.} 24. Rc6 Re7 25. Qf3 $13) 24. Rhf1 {Huebner,R: 'Jetzt
bleibt der h-Bauer des Weißen schutzbedürftig.'} (24. Qf5 Nc8 (24... g6 25. Qf6
Qxf6 26. gxf6 Bg3 27. Rc6 Rxh4 28. Rxh4 Bxh4 29. e4 Bf2 30. Kd3 Na4 31. b3 Nb2+
32. Kc3 Nd1+ 33. Kd2 Ne3 34. Ke2 $14) 25. Bd5 Bb4+ 26. Kd1 Nd6 27. Qf4 Qd7 $13)
(24. b3 $5 {Huebner,R}) 24... Qe7 {This unusual position was challenging for
both players, so it is only natural that they did not grasp all the nuances.} (
24... Qe8 $1 25. Qxe8+ (25. g6 f6 (25... Qxe4 26. Rxf7+ Kg8 27. Bxe4 Rxh4 28.
Bf5 $16) 26. Qg4 Qb5 27. Rxf6+ (27. b3 Bb4+ 28. Kc2 Ke7 $17) 27... gxf6 28. g7+
Kf7 29. gxh8=Q Rxh8 $17) 25... Kxe8 26. Rh1 $13) 25. Qg4 g6 {'?!' Huebner,R.
Huebner,R: 'Im Augenblick kann sich Schwarz die Schwächung des Feldes f6 kaum
leisten.'} (25... Qd7 $5 {(Huebner,R) scheint mir der angewiesene Zug zu sein,
um die Anfälligkeit des weißen h-Bauern auszunutzen.}) 26. Rc6 Kg7 27. b3 {
'?!' Huebner,R.} (27. Rf6 {Huebner,R: 'sieht stärker aus. Schwarz gerät in
Schwierigkeiten.'} Rhe8 28. e4 Nc8 29. b3 Rd8 $13) 27... Rhe8 $6 (27... Rhc8 $1
{Huebner,R: 'sieht richtig aus, um den eingedrungenen Turm abzutauschen;'} 28.
Qf3 (28. Rxb6 {Huebner,R: 'wird mit'} Bb4+ {Huebner,R: 'beantwortet.'} 29. Rxb4
(29. Kd1 Qxe3 30. Rxf7+ Kh8 $19) 29... Qxb4+ 30. Kd1 Qa3 31. Qf4 Rb7 32. Qe5+
Kg8 33. Bxb7 Rc1+ 34. Ke2 Qxa2+ 35. Kf3 Rxf1+ 36. Kg4 Qxb3 $17) 28... Bb4+ 29.
Ke2 Rxc6 30. Qxc6 $13) 28. e4 $4 {[%mdl 16384] Horrible move, that breaks the
coordination between pieces and fatally weakens dark squares.} (28. Qf3 $1 {
Huebner,R: 'ist stärker; der Textzug gibt dem Nachziehenden Spiel gegen die
Schwäche d4 und schließt den Königsläufer ein.'} Red8 29. h5 (29. Qf6+ Qxf6 30.
Rxf6 Bb4+ 31. Ke2 Nd7 32. Rf1 a5 33. Bh3 Rb7 $14) (29. Ke2 a5 30. Qf6+ Qxf6 31.
Rxf6 Nc8 32. Bd5 Rd7 33. Kf3 Bb4 34. e4 Na7 $13) 29... gxh5 30. Qxh5 Rh8 31.
Qf3 Rh2 32. Rf2 $16) 28... Red8 29. h5 {'?!' Huebner,R.} (29. Kc2 {Huebner,R:
'mit unklarem Spiel.'} Rdc8 30. Rxc8 Rxc8+ 31. Kb1 Qc7 32. Qe2 Na4 $1 $19) (29.
Qf3 Be5 30. Qf6+ Qxf6 31. gxf6+ Kh6 32. d5 Rdc8 $17) 29... Be5 30. d5 Rd6 (
30... Qb4+ 31. Ke2 Nxd5 32. Rxf7+ Kh8 33. hxg6 Nf4+ 34. Kf1 (34. Rxf4 Qd2+ 35.
Kf1 Qxf4+ 36. Qxf4 Bxf4 $19) 34... Qb5+ 35. Ke1 (35. Rc4 Qxc4+ 36. bxc4 Rb1+
37. Kf2 Rd2+ 38. Ke3 Rd3+ 39. Kf2 Bd4#) 35... Nxg2+ 36. Kf2 (36. Qxg2 Qb4+ $19)
36... Qf1+ 37. Kxf1 Ne3+ 38. Ke2 Nxg4 $19) 31. Rfc1 {'?' Huebner,R.} (31. Rxd6
{(Huebner,R) Weiß hat seinen eigenen Läufer getötet, aber er kann sich noch
wehren.}) 31... Rxc6 {'?!' Huebner,R.} (31... gxh5 32. Qf5 (32. Qxh5 Bf4+ {
'-+' Huebner,R.} 33. Kd1 Nxd5 34. exd5 Re8 $19) 32... Rg6 $19) 32. Rxc6 {
'?' Huebner,R.} (32. h6+ {Huebner,R} Kg8 33. dxc6 Qd6+ $17) 32... Qb4+ 33. Ke2
Nxd5 {'-+' Huebner,R.} 34. Qd7 Nf4+ (34... Qb5+ 35. Kf2 Bd4+ 36. Ke1 Qa5+ 37.
Kf1 Ne3+ $19) 35. Kf3 Qb5 36. h6+ Kg8 37. Rc8+ Rxc8 38. Qxc8+ Kh7 39. Qc2 Bb8
0-1

[Event "Bayern-chI Bank Hofmann 6th"]
[Site "Bad Wiessee"]
[Date "2002.10.31"]
[Round "6"]
[White "Golod, Vitali"]
[Black "Burmakin, Vladimir"]
[Result "1-0"]
[WhiteElo "2523"]
[BlackElo "2581"]
[Annotator "Golod,V"]
[PlyCount "107"]
[EventDate "2002.10.26"]
[EventType "swiss"]
[EventRounds "9"]
[EventCountry "GER"]
[SourceTitle "EXT 2003"]
[Source "ChessBase"]
[SourceDate "2002.11.25"]
[SourceVersion "1"]
[SourceVersionDate "2002.11.25"]
[SourceQuality "1"]

1. c4 c6 2. d4 d5 3. Nf3 Nf6 4. e3 Bf5 5. Nc3 e6 6. Nh4 Bg6 {The most dense
move in this position.} ({There is a different options:} 6... Be4) ({and} 6...
Bg4) 7. Qb3 Qc7 ({Also it deserves attention:} 7... Qb6) 8. Nxg6 ({After:} 8.
Bd2 {it is not very nice for white:} Ne4 {[%csl Rb3][%cal Ge4d2,Ge4c3] with
simplism of position.}) 8... hxg6 9. h3 $5 {Probably it is not the obligatory
move.} Nbd7 10. Bd2 a6 $146 {Black take under control ><b5 and want to play in
case "b5".} ({In previous games Vladimir played:} 10... Nb6 $5 11. Rc1 $140 (
11. cxd5 $5) 11... Nxc4 12. Bxc4 dxc4 13. Qxc4 Rd8 14. Qa4 a6 15. Ne2 Qb8 16.
Qc2 g5 17. Nc3 g4 $11 {Shneider,A-Burmakin,V/Cappelle la Grande,2002(1/2-1/2)
(19)}) ({It is also met here:} 10... Bd6 {and 10...Be7}) 11. Rc1 {[%csl Rc7]}
Bd6 12. Be2 Qb8 {[%cal Gb7b5]} 13. cxd5 $1 {I didn't want' to let happen ''b5':
} exd5 ({After:} 13... cxd5 {I have a obvious positional advantage.}) 14. g4 $5
{[%cal Gg4g5]} ({I didn't play:} 14. O-O {in view of:} Rh4 $1 $13 {[%csl Yh4]
[%cal Yh4e4]}) 14... g5 15. Qc2 $140 g6 $5 {[%mdl 512] Vladimir sacrifices
pawn for initiative.} (15... Qd8 $5) 16. e4 {[%csl Rg5][%cal Ge4e5]} dxe4 17.
Nxe4 Bf4 (17... Nxe4 $5 18. Qxe4+ Kf8 19. Bxg5 Qc7 $44) 18. Nxg5 Nb6 $44 {
[%cal Yb6d5] There is a need to protect the weakness of Pf7.} 19. Kf1 $1 {
[%csl Re8][%cal Gc1e1] Otherwise black will be able to make a castle on time.}
Nbd5 (19... Qc7 $4 20. Ne6 $1 fxe6 21. Qxg6+ {[%csl Rf6]}) 20. Re1 Kf8 (20...
O-O $143 21. h4 $40 {[%csl Rg8][%cal Gh4h5]}) 21. h4 Qd6 22. Bf3 Rd8 23. Ne4 (
23. h5 $143 Bxd2 24. Qxd2 Nf4 {[%csl Rd4]} 25. hxg6 Rxh1+ 26. Bxh1 Nxg6 27. Ne4
Qh2 $44) 23... Nxe4 24. Rxe4 Bxd2 {My opponent thought,that this was a rough
mistake,but this is not the truth.After the game we were analyzing for the
long time:} (24... Kg7 $5 25. g5 {+/=/=} (25. Bc3 $5)) 25. Qxd2 Nc7 $2 (25...
Nf6 $1 26. Rf4 Nd5 27. Bxd5 $140 (27. Re4 Nf6 $11) 27... Qxd5 28. Kg1 (28. Rh3
$143 Qxa2 29. Qb4+ Kg7 30. Qxb7 Qc4+ {[%csl Rd4]}) 28... Qxa2 29. Qb4+ Kg7 30.
Qxb7 $13) 26. h5 Kg7 27. Qg5 {+/=/+/-} Rd7 28. Kg2 Ne6 {Hardly black has
anything better.} 29. h6+ Kh7 30. Qf6 Qe7 (30... Qf8 $5 {[%cal Gf8d8]}) 31.
Qxe7 Rxe7 32. g5 $1 Rd7 33. Re5 ({Badly:} 33. Bg4 {in view of:} Nxg5 $1 34. Re5
$140 $2 Rxd4 35. Rxg5 f6 $17 {[%csl Rg4,Yg5][%cal Gf6g5]}) 33... Rxd4 (33...
Nxd4 $143 34. Bg4 $16) 34. Rhe1 (34. Rd1 $2 Rhd8 35. Rxd4 Rxd4 36. Kg3 Rd3 $1
$11) 34... Nf4+ ({We both understood that it is bad:} 34... Rhd8 {because of:}
35. Rxe6 $1 fxe6 36. Rxe6 $16 {[%csl Rb7,Rg6,Rh7][%cal Ge6e7,Gf3e4]}) 35. Kg3
Nd3 36. R1e4 ({On:} 36. Rd1 {Vladimir prepared to play:} Nxe5 37. Rxd4 f6)
36... Rd6 $2 $138 ({Vladimir forgot,that after:} 36... Nxe5 37. Rxd4 f6 $1 {
it is arising the same position which he agreed to receive after: 36.Rd1.} 38.
Be2 $1 {I didn't see it.} (38. Re4 $5 $16) 38... fxg5 $140 39. Re4 {[%csl Re5]}
Re8 (39... Nf7 $2 40. Re7 Rf8 41. Bc4 $18) 40. f4 gxf4+ 41. Kxf4 g5+ 42. Kf5
Nf7 43. Rxe8 Nd6+ 44. Kxg5 Nxe8 45. Bd3+ Kh8 46. Kg6 $16 {[%csl Ra6,Rb7,Rc6]
[%cal Gg6f7,Gf7e7,Ge7d7]}) 37. Re7 Rf8 38. Be2 (38. Rxb7 $2 Nc5 {[%csl Rb7,Re4]
} 39. Rc7 Nxe4+ 40. Bxe4 $14) 38... Nc5 39. Rf4 Rd7 {I missed that pawn ''f7''
could be protected.} 40. Rxd7 Nxd7 41. Re4 {[%cal Ge4e7]} Kh8 (41... Kg8 $142)
42. Re7 $18 Nc5 43. Bc4 Kg8 {Black find the last practical chance for
salvation.} (43... f6 $143 44. f4 {[%csl Rg6][%cal Gc4f7]} fxg5 45. fxg5 Rd8
46. Bf7 $18) 44. b4 $140 b5 45. Bxf7+ Rxf7 46. Re8+ $1 ({White doesn't have a
victory in PP endgame:} 46. Rxf7 $4 Kxf7 47. bxc5 a5 48. Kf4 a4 $1 {[%csl Ya2,
Ga4,Gb5]} 49. Ke4 {[%csl Ye4]} Kf8 50. f4 Kg8 {Before moving ''f5'' it was
better to keep the king exactly here.} 51. f5 b4 $1 {[%csl Ga4,Gb4][%cal Gb4b3]
} (51... gxf5+ $2 52. Kxf5 b4 53. g6 b3 54. axb3 axb3 $8 (54... a3 $4 55. Kf6
a2 56. h7+ Kh8 57. g7+ Kxh7 58. Kf7 a1=Q 59. g8=Q+ Kh6 60. Qg6#) 55. Kf6 b2 56.
h7+ Kh8 57. Kf7 b1=Q 58. g7+ Kxh7 59. g8=Q+ Kh6 60. Qh8+ Kg5 61. Qf6+ {[%csl
Rc6] with good chances for the victory.}) 52. h7+ $8 Kxh7 53. fxg6+ Kxg6 54.
Kd4 Kxg5 55. Kc4 b3 56. axb3 axb3 57. Kxb3 Kf5 $11) 46... Kh7 $8 (46... Rf8 $2
47. h7+ Kxh7 48. Rxf8 $18) 47. bxc5 a5 ({Loses right away:} 47... Rf5 48. Re7+
Kh8 49. f4 Rxc5 50. Rg7 {[%csl Gf4,Gg5,Rg6,Gh6]}) 48. f4 a4 49. Kg4 Rd7 (49...
Rb7 $143 50. f5 Rd7 (50... gxf5+ 51. Kh5 {[%csl Rh7][%cal Gg5g6]}) 51. f6 {
[%csl Gf6,Gh6]}) 50. Rc8 {[%csl Rc6]} b4 51. Rxc6 Ra7 52. Rb6 b3 53. a3 Rd7 54.
c6 (54. c6 Rd2 55. Rb7+ Kh8 56. c7 {[%csl Gc7][%cal Gb7b8]}) 1-0